Zulfikar Ali Bhutoo Speeches and Statements April1, 1972-June 30, 1972 / (Record no. 589035)
[ view plain ]
| 000 -LEADER | |
|---|---|
| fixed length control field | 00315nam a22001097a 4500 |
| 082 ## - DEWEY DECIMAL CLASSIFICATION NUMBER | |
| Classification number | 327.5491 |
| Author Mark | ZUL |
| 245 ## - TITLE STATEMENT | |
| Title | Zulfikar Ali Bhutoo Speeches and Statements April1, 1972-June 30, 1972 / |
| 260 ## - PUBLICATION, DISTRIBUTION, ETC. | |
| Place of publication, distribution, etc. | Lahore : |
| Name of publisher, distributor, etc. | Agha Amir Hussain, Classic, |
| Date of publication, distribution, etc. | N.A. |
| 300 ## - PHYSICAL DESCRIPTION | |
| Extent | 240 p. ; |
| Dimensions | 22 cm. |
| 563 ## - BINDING INFORMATION | |
| Binding note | HBK. |
| 942 ## - ADDED ENTRY ELEMENTS (KOHA) | |
| Source of classification or shelving scheme | |
| Koha item type | Book |
| Withdrawn status | Lost status | Source of classification or shelving scheme | Damaged status | Not for loan | Permanent Location | Current Location | Shelving location | Date acquired | Source of acquisition | Full call number | Barcode | Date last seen | Price effective from | Koha item type |
|---|---|---|---|---|---|---|---|---|---|---|---|---|---|---|
| NUST Law School (NLS) | NUST Law School (NLS) | Political Science | 04/05/2022 | Donation | 327.5491 ZUL | CL-D-1555 | 04/05/2022 | 04/05/2022 | Book |
